[Event "16th Asia-ch (w)"]
[Site "Ho Chi Minh VIE"]
[Date "2012.05.08"]
[Round "4"]
[White "Le Thanh Tu"]
[Black "Pham Le Thao Nguyen"]
[Result "1/2-1/2"]
[WhiteElo "2313"]
[BlackElo "2390"]
[EventDate "2012.05.05"]
[PlyCount "133"]

1.d4 d5 2.c4 c6 3.Nf3 Nf6 4.Nbd2 h6 5.g3 Bf5 6.Bg2 e6 7.O-O Nbd7 8.b3 Be7 
9.Bb2 O-O 10.Re1 Ne4 11.Nxe4 Bxe4 12.Nd2 Bxg2 13.Kxg2 Nf6 14.Qc2 Rc8 15.e4
dxe4 16.Nxe4 Qa5 17.Bc3 Qh5 18.Nd2 Bd6 19.h3 Nh7 20.Nf3 Ng5 21.Nxg5 Qxg5 
22.Bd2 Qf6 23.Bc3 Qg5 24.Bd2 Qh5 25.Rad1 Rfd8 26.Qe4 Rd7 27.Bc3 Bf8 28.Rd2
Rcd8 29.Red1 Be7 30.Rd3 Bf6 31.g4 Qg6 32.Qxg6 fxg6 33.Kf3 g5 34.Ke4 Rf7 
35.Bd2 Rdf8 36.Be3 Bd8 37.R3d2 Bc7 38.d5 exd5+ 39.cxd5 Re8+ 40.Kd3 cxd5 
41.Ke2 Bg3 42.Rf1 Bf4 43.Rxd5 Bxe3 44.fxe3 Rxf1 45.Kxf1 Rxe3 46.Rd7 Rxh3 
47.Rxb7 Rg3 48.Rxa7 Rxg4 49.Ra4 Rg3 50.b4 Rg4 51.Ra8+ Kh7 52.a3 h5 53.b5 
Rg3 54.Ra4 Rb3 55.Rb4 Rxa3 56.b6 Ra8 57.b7 Rb8 58.Rb6 g6 59.Kg2 Kg7 60.Kg3
Kf7 61.Kh3 Kg7 62.Kg3 g4 63.Kh4 Kh6 64.Rb5 Kg7 65.Rb6 Kh6 66.Rb5 Kg7 67.
Rb6 1/2-1/2

[Event "16th Asia-ch (w)"]
[Site "Ho Chi Minh VIE"]
[Date "2012.05.08"]
[Round "4"]
[White "Zhai Mo"]
[Black "Wang Jue"]
[Result "0-1"]
[WhiteElo "2248"]
[BlackElo "2364"]
[EventDate "2012.05.05"]
[PlyCount "92"]

1.e4 c5 2.Nf3 e6 3.d4 cxd4 4.Nxd4 Nf6 5.Nc3 d6 6.g4 h6 7.h4 Be7 8.Rg1 d5 
9.Bb5+ Kf8 10.exd5 Nxd5 11.Nxd5 Qxd5 12.Qd3 Nc6 13.Be3 Ne5 14.Qe2 a6 15.
Ba4 Qa5+ 16.Bd2 Qxa4 17.Qxe5 Bf6 18.Qd6+ Kg8 19.Bc3 Kh7 20.b3 Qd7 21.Qf4 
Bxd4 22.Bxd4 e5 23.Qe4+ f5 24.Qxe5 Re8 25.gxf5 Rxe5+ 26.Bxe5 Qe7 27.f4 
Qxh4+ 28.Kd2 g5 29.fxg6+ Kg8 30.Kc3 Bf5 31.Kb2 Qf2 32.Rac1 Rc8 33.Bc3 Qe3 
34.Be5 Rxc2+ 35.Rxc2 Qxg1 36.Rc7 Qxg6 37.Kc3 h5 38.Kd4 Qb6+ 39.Kd5 Qe6+ 
40.Kd4 Qb6+ 41.Kd5 h4 42.Rg7+ Kf8 43.Rg5 Qe6+ 44.Kd4 h3 45.Rh5 Qg6 46.Rh4 
h2 0-1

[Event "16th Asia-ch (w)"]
[Site "Ho Chi Minh VIE"]
[Date "2012.05.08"]
[Round "4"]
[White "Le Kieu Thien Kim"]
[Black "Karavade, Eesha"]
[Result "1/2-1/2"]
[WhiteElo "2239"]
[BlackElo "2353"]
[EventDate "2012.05.05"]
[PlyCount "69"]

1.d4 Nf6 2.Nf3 g6 3.Bf4 Bg7 4.e3 d6 5.h3 O-O 6.Be2 c5 7.Nbd2 Nc6 8.c3 cxd4
9.exd4 Be6 10.O-O Qb6 11.Qb1 Nd5 12.Bg3 Bh6 13.Bd3 Nf4 14.Bxf4 Bxf4 15.Nc4
Qc7 16.Ne3 d5 17.b4 Rfd8 18.Re1 Qd7 19.a4 Rac8 20.Bf1 Rf8 21.Nd2 Nd8 22.
Qb2 Qc7 23.a5 Re8 24.b5 f6 25.Nb1 Nf7 26.Qe2 Ng5 27.Nd1 Kf7 28.Nb2 Bd6 29.
Na4 Bf5 30.Nd2 e5 31.Nb3 exd4 32.Nxd4 Ne4 33.g4 Be6 34.f3 Nc5 35.Kg2 
1/2-1/2

[Event "16th Asia-ch (w)"]
[Site "Ho Chi Minh VIE"]
[Date "2012.05.08"]
[Round "4"]
[White "Yanjindulam, Dulamsuren"]
[Black "Mohota, Nisha"]
[Result "0-1"]
[WhiteElo "2214"]
[BlackElo "2321"]
[EventDate "2012.05.05"]
[PlyCount "96"]

1.e4 Nf6 2.e5 Nd5 3.d4 d6 4.Nf3 Bg4 5.Be2 e6 6.h3 Bh5 7.c4 Nb6 8.Nc3 Be7 
9.exd6 cxd6 10.d5 e5 11.g4 Bg6 12.h4 h5 13.g5 N8d7 14.Bd3 Bxd3 15.Qxd3 g6 
16.Be3 Rc8 17.b3 Nc5 18.Bxc5 Rxc5 19.Nd2 Rc8 20.Nde4 O-O 21.O-O-O Nd7 22.
Rhg1 a6 23.Kb1 Qa5 24.Rg2 Kg7 25.Rf1 Rc7 26.f4 exf4 27.Rxf4 Ne5 28.Qe3 Qb4
29.Ka1 b5 30.Qb6 Rfc8 31.Nb1 Qe1 32.Rg1 Qb4 33.Rgf1 Kg8 34.Nf6+ Kh8 35.Ne8
Qc5 36.Qxc5 Rxc5 37.Nf6 bxc4 38.bxc4 Rxc4 39.Ne4 Nd3 40.R4f3 Rxe4 41.Rxd3 
Rxh4 42.Rxf7 Bxg5 43.Kb2 Rh2+ 44.Ka3 Bc1+ 45.Ka4 Rxa2+ 46.Na3 Rxa3+ 47.
Rxa3 Bxa3 48.Kxa3 h4 0-1

[Event "16th Asia-ch (w)"]
[Site "Ho Chi Minh VIE"]
[Date "2012.05.08"]
[Round "4"]
[White "Swathi, Ghate"]
[Black "Padmini, Rout"]
[Result "1-0"]
[WhiteElo "2286"]
[BlackElo "2345"]
[EventDate "2012.05.05"]
[PlyCount "61"]

1.e4 c5 2.Nf3 d6 3.c3 Nf6 4.Be2 Nbd7 5.Qc2 Qc7 6.O-O g6 7.d4 cxd4 8.Nxd4 
a6 9.c4 Bg7 10.Nc3 O-O 11.Be3 e6 12.Rfd1 b6 13.Rac1 Bb7 14.f3 Rac8 15.Qd2 
Rfd8 16.Nc2 Bf8 17.Qe1 d5 18.cxd5 exd5 19.exd5 Re8 20.Kh1 Qe5 21.f4 Qd6 
22.Bf3 b5 23.a3 Nb6 24.Qh4 Nc4 25.Bd4 Be7 26.Qh6 Nxb2 27.Ne4 Nxd1 28.Nxd6 
Bxd6 29.Rxd1 Bf8 30.Qh4 Nd7 31.Qf2 1-0

[Event "16th Asia-ch (w)"]
[Site "Ho Chi Minh VIE"]
[Date "2012.05.08"]
[Round "4"]
[White "Muminova, Nafisa"]
[Black "Mohanty, Kiran Monisha"]
[Result "1/2-1/2"]
[WhiteElo "2338"]
[BlackElo "2208"]
[EventDate "2012.05.05"]
[PlyCount "93"]

1.e4 c5 2.Nf3 Nc6 3.d4 cxd4 4.Nxd4 Nf6 5.Nc3 d6 6.Be2 g6 7.O-O Bg7 8.Nb3 
O-O 9.Re1 a5 10.a4 Be6 11.Bf1 d5 12.Nc5 Bg4 13.f3 d4 14.Nb5 Bc8 15.c3 dxc3
16.bxc3 Nd7 17.Nb3 Na7 18.N5d4 Qc7 19.Bd2 Rd8 20.Kh1 b6 21.Qc2 Nf8 22.Be3 
Ne6 23.Rec1 Bd7 24.Qf2 Rdb8 25.f4 Nc5 26.Nxc5 bxc5 27.Nf3 c4 28.Nd2 Rb2 
29.Qf3 Bc6 30.Bxc4 Nc8 31.Bd5 Bxd5 32.exd5 Nd6 33.Ne4 Qc4 34.Nxd6 exd6 35.
f5 Be5 36.Rf1 Rf8 37.h3 Qxc3 38.Rac1 Qd3 39.fxg6 hxg6 40.Rc7 Qe2 41.Qxe2 
Rxe2 42.Bh6 Rb8 43.Rcxf7 Rbb2 44.Ra7 Rxg2 45.Rc1 Rbc2 46.Rb1 Rb2 47.Rc1 
1/2-1/2

[Event "16th Asia-ch (w)"]
[Site "Ho Chi Minh VIE"]
[Date "2012.05.08"]
[Round "4"]
[White "Otorbaeva, Nuriza"]
[Black "Guo Qi"]
[Result "1/2-1/2"]
[WhiteElo "1740"]
[BlackElo "2360"]
[EventDate "2012.05.05"]
[PlyCount "93"]

1.e4 c6 2.d4 d5 3.Nd2 dxe4 4.Nxe4 Bf5 5.Ng3 Bg6 6.Nf3 Nd7 7.Bd3 e6 8.O-O 
Ngf6 9.Re1 Qc7 10.Qe2 Bd6 11.Bxg6 hxg6 12.Ne5 O-O 13.Bg5 c5 14.c3 Rfe8 15.
Rad1 cxd4 16.cxd4 Rac8 17.Nf1 Bb4 18.Bd2 Qd6 19.Bxb4 Qxb4 20.a3 Qa4 21.Ne3
Nb6 22.Qd3 Red8 23.h3 Nbd5 24.Nxd5 Rxd5 25.Rc1 Rdd8 26.Qe3 Nd5 27.Qf3 Qe8 
28.h4 f6 29.Nd3 Rxc1 30.Rxc1 b6 31.Nf4 Kh7 32.Nxd5 Rxd5 33.Rc7 Qa4 34.Qxf6
Rd7 35.Rxd7 Qxd7 36.Qe5 Qc6 37.Qe3 Qc2 38.Qc3 Qd1+ 39.Kh2 Qe2 40.Kg3 a5 
41.b4 a4 42.Qe3 Qa2 43.Kh3 Qd5 44.f3 Qb3 45.Qc1 Qd3 46.Qb2 Qb3 47.Qc1 
1/2-1/2

[Event "16th Asia-ch (w)"]
[Site "Ho Chi Minh VIE"]
[Date "2012.05.08"]
[Round "4"]
[White "Hoang Thi Nhu Y"]
[Black "Pham Thi Thu Hoai"]
[Result "1-0"]
[WhiteElo "2238"]
[BlackElo "1956"]
[EventDate "2012.05.05"]
[PlyCount "63"]

1.d4 Nf6 2.Nf3 b6 3.Bg5 e6 4.e4 h6 5.Bxf6 Qxf6 6.e5 Qe7 7.Nc3 Bb7 8.Be2 a6
9.O-O d5 10.b3 Nd7 11.Na4 b5 12.Nb2 Qd8 13.c4 bxc4 14.bxc4 c5 15.cxd5 Bxd5
16.Bc4 Nb6 17.Bxd5 Qxd5 18.Rb1 cxd4 19.Nd3 Bc5 20.Qc2 Nd7 21.Nf4 Qc6 22.
Nxd4 Qc8 23.Ndxe6 g5 24.Ng7+ Kf8 25.e6 Kxg7 26.Nh5+ Kf8 27.exd7 Qc7 28.
Rbc1 Bxf2+ 29.Qxf2 Qxd7 30.Qc5+ Qe7 31.Rxf7+ Kxf7 32.Rf1+ 1-0

[Event "16th Asia-ch (w)"]
[Site "Ho Chi Minh VIE"]
[Date "2012.05.08"]
[Round "4"]
[White "Aulia, Medina Warda"]
[Black "Nguyen Thi Mai Hung"]
[Result "0-1"]
[WhiteElo "2172"]
[BlackElo "2237"]
[EventDate "2012.05.05"]
[PlyCount "96"]

1.e4 c5 2.Nf3 Nc6 3.d4 cxd4 4.Nxd4 g6 5.Be3 Nf6 6.Nc3 Bg7 7.Nxc6 bxc6 8.e5
Ng8 9.Bd4 f6 10.exf6 Nxf6 11.Bc4 Qa5 12.O-O d5 13.Bb3 e6 14.Ba4 Bd7 15.a3 
O-O 16.b4 Qc7 17.Re1 Ng4 18.Qxg4 Rf4 19.Qxf4 Qxf4 20.Bxg7 Kxg7 21.Nxd5 
exd5 22.Re7+ Kh8 23.Rxd7 a5 24.g3 Qf6 25.Re1 Rf8 26.Rf1 axb4 27.axb4 Ra8 
28.Re1 Rf8 29.Rf1 Qc3 30.b5 Qa5 31.Bb3 Qxb5 32.Kg2 Qb4 33.h4 Qe4+ 34.Kg1 
Qe6 35.Rc7 Qd6 36.Rb7 h5 37.Re1 Qf6 38.Re2 Rf7 39.Rxf7 Qxf7 40.Re5 Kg7 41.
Kg2 Qb7 42.Rg5 Kf6 43.f4 Qb4 44.Kf3 Qc3+ 45.Ke2 d4 46.Kd1 d3 47.Re5 c5 48.
cxd3 Qxd3+ 0-1

[Event "16th Asia-ch (w)"]
[Site "Ho Chi Minh VIE"]
[Date "2012.05.08"]
[Round "4"]
[White "Sihite, Chelsie Monica"]
[Black "Aulia, Virda Rizka"]
[Result "1/2-1/2"]
[WhiteElo "2181"]
[BlackElo "1769"]
[EventDate "2012.05.05"]
[PlyCount "84"]

1.e4 e6 2.d4 d5 3.exd5 exd5 4.c4 c6 5.Nc3 Bb4 6.Bd3 Ne7 7.Ne2 Bf5 8.Bxf5 
Nxf5 9.Qb3 Bxc3+ 10.bxc3 Qb6 11.cxd5 Qxb3 12.axb3 cxd5 13.O-O O-O 14.Nf4 
Rd8 15.Re1 Nc6 16.f3 b6 17.b4 Rd7 18.Ra2 g6 19.Nd3 Ng7 20.b5 Na5 21.Ba3 
Ne6 22.Ne5 Rc7 23.Bb4 Nc4 24.Nc6 Kg7 25.Ra6 Rb7 26.Rea1 Nc7 27.Rxa7 Rbxa7 
28.Rxa7 Rxa7 29.Nxa7 Kf6 30.Kf2 Ke6 31.Kg3 f5 32.h4 Kf6 33.h5 Ke6 34.Kh4 
Kf6 35.g4 Nd2 36.hxg6 hxg6 37.Kg3 Nc4 38.gxf5 gxf5 39.Kh4 Nd2 40.f4 Nc4 
41.Kg3 Kf7 42.Kh4 Ke6 1/2-1/2

[Event "16th Asia-ch (w)"]
[Site "Ho Chi Minh VIE"]
[Date "2012.05.08"]
[Round "4"]
[White "Vo Thi Kim Phung"]
[Black "Pham Bich Ngoc"]
[Result "0-1"]
[WhiteElo "2155"]
[BlackElo "2176"]
[EventDate "2012.05.05"]
[PlyCount "156"]

1.d4 Nf6 2.Nf3 g6 3.g3 Bg7 4.Bg2 O-O 5.O-O d6 6.Nbd2 Nc6 7.e4 e5 8.d5 Ne7 
9.c4 Ne8 10.Ne1 f5 11.f3 c6 12.Nd3 Bd7 13.b4 cxd5 14.cxd5 Bb5 15.Nb3 Qb6+ 
16.Kh1 Qa6 17.a4 Bxd3 18.b5 Bxb5 19.axb5 Qxb5 20.Be3 b6 21.Re1 fxe4 22.
fxe4 Nf6 23.Bf1 Qd7 24.Bg1 Rac8 25.Nc1 Rc7 26.Nd3 h5 27.Nf2 g5 28.Qb3 Ng6 
29.Bb5 Qf7 30.Rf1 Bh6 31.Nd1 Qh7 32.Qb4 Ne7 33.Bd3 Ne8 34.Ne3 g4 35.Rxf8+ 
Bxf8 36.Qa4 Nf6 37.Rf1 Nd7 38.Nf5 Nxf5 39.Rxf5 Qg6 40.Qd1 Bh6 41.Kg2 Nf8 
42.Bb5 Nh7 43.Qa4 Nf6 44.Bf2 Kg7 45.Bc6 Qf7 46.Qa3 Qf8 47.Be3 Rf7 48.Bxh6+
Kxh6 49.Qe3+ Kh7 50.Qf2 Kg6 51.Qe3 Nh7 52.Bd7 Rxf5 53.Bxf5+ Kg7 54.Qc1 Qe7
55.h3 gxh3+ 56.Kxh3 Ng5+ 57.Kg2 Nf7 58.Be6 Nd8 59.Bf5 b5 60.Qb2 a6 61.Qa3 
Qc7 62.Qxa6 b4 63.Qe2 Nf7 64.Qxh5 Qc2+ 65.Kg1 Qc1+ 66.Kg2 Qh6 67.Qd1 Qe3 
68.Qh5 Qd2+ 69.Kg1 Qg5 70.Qf3 Qc1+ 71.Kf2 Qc2+ 72.Ke1 b3 73.Qg4+ Kf8 74.
Qd1 Qc3+ 75.Qd2 Qxg3+ 76.Kf1 Qf4+ 77.Ke1 Qh4+ 78.Kd1 Qh1+ 0-1

[Event "16th Asia-ch (w)"]
[Site "Ho Chi Minh VIE"]
[Date "2012.05.08"]
[Round "4"]
[White "Ni Shiqun"]
[Black "Enkhtuul, Altanulzii"]
[Result "1/2-1/2"]
[WhiteElo "2157"]
[BlackElo "2108"]
[EventDate "2012.05.05"]
[PlyCount "61"]

1.e4 Nf6 2.e5 Nd5 3.d4 d6 4.c4 Nb6 5.exd6 exd6 6.Nc3 Be7 7.Bd3 Nc6 8.Nge2 
Bg4 9.Be3 Bf6 10.Qd2 Nb4 11.h3 Nxd3+ 12.Qxd3 Bxe2 13.Nxe2 O-O 14.O-O d5 
15.c5 Nc4 16.Bc1 Re8 17.b3 Na5 18.Be3 Nc6 19.a3 Qd7 20.Rfe1 Ne7 21.Ng3 Bh4
22.Bd2 Bxg3 23.Qxg3 Nf5 24.Qd3 c6 25.Rad1 g6 26.Bf4 f6 27.Kf1 Rxe1+ 28.
Rxe1 Re8 29.f3 Rxe1+ 30.Kxe1 Kf7 31.Kf2 1/2-1/2

[Event "16th Asia-ch (w)"]
[Site "Ho Chi Minh VIE"]
[Date "2012.05.08"]
[Round "4"]
[White "Citra, Dewi Andhiani Anastasia"]
[Black "Nguyen Quynh Anh"]
[Result "0-1"]
[WhiteElo "2112"]
[BlackElo "2129"]
[EventDate "2012.05.05"]
[PlyCount "112"]

1.e4 c5 2.Nf3 d6 3.d4 cxd4 4.Nxd4 Nf6 5.Nc3 e6 6.Be3 a6 7.f3 b5 8.g4 Bb7 
9.Qd2 Nc6 10.O-O-O Be7 11.h4 Nd7 12.g5 b4 13.Nce2 Qa5 14.Kb1 Nce5 15.b3 
Rc8 16.Rg1 Nc5 17.Bg2 Ned7 18.Nc1 Qb6 19.Nd3 a5 20.Nb2 Ba6 21.Bf1 Ne5 22.
Qg2 Qb7 23.Bxa6 Qxa6 24.f4 Ned7 25.h5 Qa8 26.g6 hxg6 27.hxg6 f6 28.Rde1 
Nf8 29.Bc1 a4 30.Qe2 axb3 31.cxb3 d5 32.Qb5+ Nfd7 33.Nxe6 Nxe6 34.exd5 Nc7
35.Qxb4 Nxd5 36.Rxe7+ Nxe7 37.Re1 Nc5 38.Na4 Qb7 39.Qc4 Nxa4 40.Qf7+ Kd8 
41.Rd1+ Qd7 42.Rxd7+ Kxd7 43.bxa4 Rh1 44.f5 Rhxc1+ 45.Kb2 R1c5 46.Ka3 Rxf5
47.Qb3 Rfc5 48.Qd1+ Ke8 49.Qe1 Rc1 50.Qe6 Rb8 51.Qh3 Rb7 52.Qh8+ Kd7 53.
Qh3+ f5 54.Qe3 Rc6 55.a5 Nd5 56.a6 Rxa6# 0-1

[Event "16th Asia-ch (w)"]
[Site "Ho Chi Minh VIE"]
[Date "2012.05.08"]
[Round "4"]
[White "Jelsen, Yemi"]
[Black "Ton Nu Hong An"]
[Result "1-0"]
[WhiteElo "2007"]
[BlackElo "1997"]
[EventDate "2012.05.05"]
[PlyCount "67"]

1.d4 Nf6 2.c4 e6 3.Nc3 Bb4 4.Qc2 b6 5.e4 Bb7 6.Bd3 c5 7.d5 d6 8.Ne2 Nbd7 
9.O-O Bxc3 10.Nxc3 a6 11.f4 O-O 12.Bd2 h6 13.Rae1 b5 14.dxe6 fxe6 15.cxb5 
axb5 16.Bxb5 d5 17.e5 Ne4 18.Nxe4 dxe4 19.Be3 Bd5 20.a4 c4 21.Ra1 Qc7 22.
b3 Rfc8 23.bxc4 Bxc4 24.Rfc1 Nb6 25.a5 Bxb5 26.Qxc7 Rxc7 27.Rxc7 Nd5 28.
Rb7 Nxe3 29.Rxb5 Nc2 30.Ra2 Rc8 31.Rab2 Ne1 32.Rb1 Nd3 33.a6 e3 34.a7 1-0

[Event "16th Asia-ch (w)"]
[Site "Ho Chi Minh VIE"]
[Date "2012.05.09"]
[Round "5"]
[White "Kharisma Sukandar, Irine"]
[Black "Zhao Xue"]
[Result "1/2-1/2"]
[WhiteElo "2288"]
[BlackElo "2549"]
[EventDate "2012.05.05"]
[PlyCount "60"]

1.e4 e5 2.Nf3 Nc6 3.Bc4 Bc5 4.c3 Nf6 5.d3 O-O 6.Bb3 d5 7.Qe2 a5 8.a4 Be6 
9.Bc2 h6 10.Nbd2 Re8 11.h3 Bb6 12.Nf1 Nd7 13.exd5 Bxd5 14.Ne3 Be6 15.O-O 
Nc5 16.Nc4 Bxc4 17.dxc4 e4 18.Ne1 f5 19.Be3 Qf6 20.Rd1 Ne6 21.Bxb6 cxb6 
22.f3 e3 23.f4 g6 24.Qxe3 Nc5 25.Qf3 Re7 26.Nd3 Ne4 27.Ne5 Nc5 28.Nd3 Ne4 
29.Ne5 Nc5 30.Nd3 Ne4 1/2-1/2

[Event "16th Asia-ch (w)"]
[Site "Ho Chi Minh VIE"]
[Date "2012.05.09"]
[Round "5"]
[White "Mohota, Nisha"]
[Black "Mongontuul, Batchujagijn"]
[Result "0-1"]
[WhiteElo "2321"]
[BlackElo "2451"]
[EventDate "2012.05.05"]
[PlyCount "70"]

1.d4 d5 2.c4 c6 3.Nf3 Nf6 4.Nbd2 e6 5.g3 c5 6.dxc5 Bxc5 7.Bg2 O-O 8.O-O 
Nc6 9.a3 a5 10.Nb3 Ba7 11.cxd5 exd5 12.Nbd4 Re8 13.Nb5 Bb6 14.Bf4 Ne4 15.
Nbd4 a4 16.Rc1 Qf6 17.Be3 Bd7 18.Qd3 Na5 19.Rc2 Nc4 20.Bc1 h6 21.e3 Bg4 
22.h3 Bh5 23.Nd2 Nexd2 24.Rxd2 Bg6 25.Qe2 Bxd4 26.Rdd1 Bxb2 27.Bxd5 Bxc1 
28.Rxc1 Nd6 29.Rfd1 Be4 30.Bxe4 Nxe4 31.Rd3 b5 32.Kg2 Rad8 33.Rf1 Qc6 34.
f3 Qc4 35.Rfd1 Nc5 0-1

[Event "16th Asia-ch (w)"]
[Site "Ho Chi Minh VIE"]
[Date "2012.05.09"]
[Round "5"]
[White "Hoang Thi Bao Tram"]
[Black "Tania, Sachdev"]
[Result "1/2-1/2"]
[WhiteElo "2356"]
[BlackElo "2417"]
[EventDate "2012.05.05"]
[PlyCount "65"]

1.d4 Nf6 2.Nf3 e6 3.Bg5 c5 4.e3 h6 5.Bh4 cxd4 6.Nxd4 Be7 7.Be2 d5 8.O-O 
O-O 9.c4 Nc6 10.Nc3 Bd7 11.Bxf6 Bxf6 12.cxd5 exd5 13.Nxd5 Bxd4 14.exd4 Be6
15.Nf4 Nxd4 16.Nxe6 Nxe6 17.Bc4 Qf6 18.Qg4 Rad8 19.Rad1 Rxd1 20.Rxd1 Qxb2 
21.Bxe6 fxe6 22.Qxe6+ Kh8 23.f3 Qc2 24.Qb3 Qc5+ 25.Kh1 Qf2 26.h3 Re8 27.
Qf7 Re1+ 28.Rxe1 Qxe1+ 29.Kh2 Qe5+ 30.Kh1 Qe1+ 31.Kh2 Qe5+ 32.Kh1 Qe1+ 33.
Kh2 1/2-1/2

[Event "16th Asia-ch (w)"]
[Site "Ho Chi Minh VIE"]
[Date "2012.05.09"]
[Round "5"]
[White "Wang Jue"]
[Black "Ding Yixin"]
[Result "0-1"]
[WhiteElo "2364"]
[BlackElo "2353"]
[EventDate "2012.05.05"]
[PlyCount "126"]

1.e4 d6 2.d4 Nf6 3.Nc3 g6 4.g3 Bg7 5.Bg2 O-O 6.Nge2 e5 7.h3 exd4 8.Nxd4 
Re8 9.O-O Nbd7 10.Re1 Nc5 11.a4 a5 12.g4 Bd7 13.Bg5 h6 14.Bh4 c6 15.f3 Qb6
16.Bf2 Qxb2 17.Qd2 Qb6 18.Rab1 Qc7 19.Bg3 Rad8 20.Kh2 Bc8 21.f4 d5 22.exd5
cxd5 23.Ncb5 Qd7 24.Qxa5 Nfe4 25.Rbd1 Nxg3 26.Kxg3 Ne4+ 27.Kh2 h5 28.gxh5 
gxh5 29.Rd3 Qe7 30.Rf1 Qc5 31.Qc7 b6 32.Qxc5 bxc5 33.Nc6 Rd7 34.Bf3 Re6 
35.Na5 c4 36.Rdd1 Nc3 37.Rde1 Nxa4 38.Bxh5 Ba6 39.Na3 Rde7 40.Rd1 Nc3 41.
Rd2 Bh6 42.Rg2+ Kh8 43.f5 Rf6 44.Nb1 Nxb1 45.Rxb1 Rxf5 46.Nc6 Rb7 47.Rxb7 
Bxb7 48.Nd8 Rxh5 49.Nxb7 Bf4+ 50.Kg1 Rxh3 51.Nd8 Rh7 52.Kf1 Bc7 53.Nc6 Rh6
54.Nd4 Bb6 55.Nf5 Rf6 56.Rg5 d4 57.Ke2 Re6+ 58.Kf3 d3 59.Rg2 Ba5 60.Rh2+ 
Kg8 61.Rg2+ Kf8 62.cxd3 cxd3 63.Ra2 d2 0-1

[Event "16th Asia-ch (w)"]
[Site "Ho Chi Minh VIE"]
[Date "2012.05.09"]
[Round "5"]
[White "Nguyen Thi Thanh An"]
[Black "Batchimeg, Tuvshintogs"]
[Result "1-0"]
[WhiteElo "2301"]
[BlackElo "2363"]
[EventDate "2012.05.05"]
[PlyCount "87"]

1.d4 d5 2.Nf3 Nf6 3.c4 dxc4 4.Qa4+ Nc6 5.e3 a6 6.Bxc4 e6 7.O-O Rb8 8.Qc2 
Nb4 9.Qe2 b5 10.Bb3 c5 11.dxc5 Bxc5 12.Nc3 Bb7 13.Rd1 Qb6 14.a4 O-O 15.
axb5 axb5 16.h3 Ne4 17.Nxe4 Bxe4 18.Ne5 Rbd8 19.Rxd8 Rxd8 20.Qh5 g6 21.Qh4
Bc2 22.Qf6 Qc7 23.Bd2 Bxb3 24.Nxf7 Qxf7 25.Qxd8+ Qf8 26.Qd7 Nc2 27.Ra6 Bd5
28.b4 Nxb4 29.Bxb4 Bxb4 30.Ra7 Qf6 31.Rc7 Qa1+ 32.Kh2 Qe5+ 33.f4 Qxc7 34.
Qxc7 Bf8 35.e4 Bxe4 36.Qb6 Bd5 37.Qxb5 h5 38.Qe8 Kg7 39.g4 hxg4 40.hxg4 
Ba3 41.Qd7+ Kf6 42.Kg3 g5 43.Qd8+ Be7 44.fxg5+ 1-0

[Event "16th Asia-ch (w)"]
[Site "Ho Chi Minh VIE"]
[Date "2012.05.09"]
[Round "5"]
[White "Karavade, Eesha"]
[Black "Tan Zhongyi"]
[Result "1/2-1/2"]
[WhiteElo "2353"]
[BlackElo "2430"]
[EventDate "2012.05.05"]
[PlyCount "67"]

1.d4 d5 2.c4 e6 3.Nc3 Bb4 4.e3 Nf6 5.a3 Bxc3+ 6.bxc3 c6 7.cxd5 cxd5 8.c4 
O-O 9.Nf3 b6 10.cxd5 Qxd5 11.Bd3 Bb7 12.O-O Nbd7 13.Qe2 Rfc8 14.Bb2 Ne4 
15.Rfc1 Nd6 16.a4 Nf6 17.Ne1 Qa5 18.Ba3 Nf5 19.Bb2 Nd6 20.Ba3 Nf5 21.Bb2 
Rxc1 22.Bxc1 Rc8 23.Bd2 Qd5 24.a5 Nd6 25.axb6 axb6 26.Rb1 Qc6 27.f3 Nd7 
28.e4 Nc4 29.Bb4 b5 30.Ra1 Ra8 31.Rxa8+ Bxa8 32.Qa2 Bb7 33.Qa7 f6 34.Kf2 
1/2-1/2

[Event "16th Asia-ch (w)"]
[Site "Ho Chi Minh VIE"]
[Date "2012.05.09"]
[Round "5"]
[White "Pham Le Thao Nguyen"]
[Black "Swathi, Ghate"]
[Result "0-1"]
[WhiteElo "2390"]
[BlackElo "2286"]
[EventDate "2012.05.05"]
[PlyCount "60"]

1.d4 Nf6 2.Nf3 b6 3.Bf4 Bb7 4.e3 g6 5.h3 Bg7 6.Be2 c5 7.O-O O-O 8.a4 Nc6 
9.c3 d6 10.Nbd2 Rc8 11.Bh2 Rc7 12.Re1 Rd7 13.Bf1 e5 14.Nb3 Ne4 15.a5 Ne7 
16.Qc2 Nf5 17.dxe5 dxe5 18.axb6 axb6 19.Nxe5 Bxe5 20.Bxe5 Nd2 21.e4 Nxf1 
22.Kxf1 Nh4 23.f3 f5 24.exf5 Rxf5 25.Bg3 Nxf3 26.Bf2 Nxe1 27.Rxe1 Qg5 28.
g4 Rxf2+ 29.Kxf2 Qf4+ 30.Kg1 Qg3+ 0-1

[Event "16th Asia-ch (w)"]
[Site "Ho Chi Minh VIE"]
[Date "2012.05.09"]
[Round "5"]
[White "Le Thanh Tu"]
[Black "Gomes, Mary Ann"]
[Result "0-1"]
[WhiteElo "2313"]
[BlackElo "2378"]
[EventDate "2012.05.05"]
[PlyCount "96"]

1.d4 Nf6 2.c4 g6 3.Nc3 Bg7 4.e4 d6 5.Nf3 O-O 6.h3 c5 7.d5 e6 8.Bd3 exd5 9.
cxd5 a6 10.a4 Nbd7 11.O-O Nh5 12.Bg5 Bf6 13.Be3 Re8 14.Qd2 Rb8 15.a5 b5 
16.axb6 Qxb6 17.Ra2 Ne5 18.Be2 Nxf3+ 19.Bxf3 Ng7 20.Be2 Bd4 21.Rfa1 f5 22.
Bd3 a5 23.Rxa5 Qxb2 24.Qxb2 Rxb2 25.Bxd4 cxd4 26.Nb5 fxe4 27.Nxd6 exd3 28.
Nxe8 Nxe8 29.R5a4 Re2 30.Rxd4 d2 31.Kh2 Re1 32.Ra8 d1=Q 33.Rxd1 Rxd1 34.
Rxc8 Kf7 35.Rc5 Nf6 36.Rc7+ Ke8 37.g4 Rxd5 38.f4 Rd4 39.Kg3 Rxf4 40.Rc8+ 
Kd7 41.Kxf4 Kxc8 42.Ke5 Nd7+ 43.Ke6 Kd8 44.Kf7 Ne5+ 45.Kg7 Ke7 46.Kxh7 Kf6
47.Kh8 g5 48.Kh7 Nd3 0-1

[Event "16th Asia-ch (w)"]
[Site "Ho Chi Minh VIE"]
[Date "2012.05.09"]
[Round "5"]
[White "Nakhbaeva, Guliskhan"]
[Black "Le Kieu Thien Kim"]
[Result "1-0"]
[WhiteElo "2309"]
[BlackElo "2239"]
[EventDate "2012.05.05"]
[PlyCount "81"]

1.d4 Nf6 2.c4 e6 3.Nc3 d5 4.cxd5 exd5 5.Bg5 Be7 6.e3 c6 7.Bd3 Nbd7 8.Qc2 
O-O 9.Nf3 Re8 10.h3 Nf8 11.O-O h6 12.Bf4 Be6 13.Rab1 a5 14.Bh2 N6d7 15.
Rbd1 Rc8 16.Ne5 Nxe5 17.dxe5 Qb6 18.Kh1 c5 19.Qe2 d4 20.exd4 cxd4 21.Na4 
Qb4 22.b3 Bd7 23.f4 Bd6 24.Bg1 Bb8 25.Bxd4 Bxa4 26.bxa4 Red8 27.Bg1 Qxa4 
28.Bb6 Rxd3 29.Rxd3 Ne6 30.Be3 Qe4 31.Qd2 b5 32.Bg1 b4 33.Qe3 Qxe3 34.Bxe3
a4 35.Rb1 Rc4 36.Rc1 Rxc1+ 37.Bxc1 Bc7 38.Rd5 g5 39.f5 Nf4 40.Bxf4 gxf4 
41.Rc5 1-0

[Event "16th Asia-ch (w)"]
[Site "Ho Chi Minh VIE"]
[Date "2012.05.09"]
[Round "5"]
[White "Nguyen Thi Mai Hung"]
[Black "Muminova, Nafisa"]
[Result "0-1"]
[WhiteElo "2237"]
[BlackElo "2338"]
[EventDate "2012.05.05"]
[PlyCount "122"]

1.d4 d5 2.Nf3 Nf6 3.e3 g6 4.Be2 Bg7 5.O-O O-O 6.b3 b6 7.Bb2 Bb7 8.Nbd2 
Nbd7 9.Ne5 c5 10.Rc1 Rc8 11.f4 cxd4 12.exd4 Ne4 13.c3 Ndf6 14.Bd3 Rc7 15.
Qe2 Qc8 16.c4 Nxd2 17.Qxd2 Rd8 18.Qe2 e6 19.Rc2 dxc4 20.bxc4 Qa8 21.Re1 
Qc8 22.Rec1 Ba8 23.a3 Bh6 24.Qe3 Qb7 25.Re1 b5 26.Bc1 bxc4 27.Bxc4 Nd5 28.
Qf2 Bg7 29.Bd3 Rxc2 30.Bxc2 Nf6 31.Re2 Qb6 32.h3 Bd5 33.Qe3 Bf8 34.Kh2 Rc8
35.g4 Ba8 36.f5 exf5 37.gxf5 Qb7 38.fxg6 Qh1+ 39.Kg3 hxg6 40.Kh4 Nd5 41.
Qf3 Qxf3 42.Nxf3 Nc3 43.Rf2 Bxf3 44.Rxf3 Ne2 45.Bb3 Nxc1 46.Bxf7+ Kg7 47.
Be6 Rc7 48.Re3 Be7+ 49.Kg4 Bf6 50.d5 Rc3 51.Re4 Nd3 52.Re2 Rxa3 53.d6 Ra6 
54.Rc2 Rxd6 55.Rc7+ Kh6 56.Bg8 Rd7 57.Rc8 Rd8 58.Be6 a5 59.h4 a4 60.Kg3 a3
61.Bf7 Nb4 0-1

[Event "16th Asia-ch (w)"]
[Site "Ho Chi Minh VIE"]
[Date "2012.05.09"]
[Round "5"]
[White "Mohanty, Kiran Monisha"]
[Black "Zhai Mo"]
[Result "0-1"]
[WhiteElo "2208"]
[BlackElo "2248"]
[EventDate "2012.05.05"]
[PlyCount "78"]

1.c4 Nf6 2.g3 e6 3.Bg2 d5 4.Nf3 Be7 5.O-O O-O 6.b3 d4 7.Bb2 Nc6 8.Na3 e5 
9.d3 Bf5 10.Nc2 Re8 11.Qd2 a5 12.a3 Qd6 13.Rfe1 Nd7 14.Rab1 h6 15.b4 axb4 
16.axb4 Ra2 17.c5 Qe6 18.Rec1 Bf6 19.b5 Na5 20.Na1 e4 21.dxe4 Bxe4 22.Nxd4
Qd5 23.Bxe4 Rxe4 24.e3 Bxd4 25.exd4 Ne5 26.Qc3 Rxd4 27.Nc2 Nf3+ 28.Kf1 
Nxh2+ 29.Kg1 Nf3+ 30.Kf1 Nd2+ 31.Kg1 Nxb1 32.Qxd4 Qxd4 33.Bxd4 Nd2 34.Nb4 
Ra4 35.Bc3 Ne4 36.Nd5 Nb3 37.Re1 Nxc3 38.Nxc3 Rc4 39.Re8+ Kh7 0-1

[Event "16th Asia-ch (w)"]
[Site "Ho Chi Minh VIE"]
[Date "2012.05.09"]
[Round "5"]
[White "Pham Bich Ngoc"]
[Black "Hoang Thi Nhu Y"]
[Result "1/2-1/2"]
[WhiteElo "2176"]
[BlackElo "2238"]
[EventDate "2012.05.05"]
[PlyCount "69"]

1.d4 d5 2.Nf3 c6 3.e3 Nf6 4.c4 Bf5 5.Nbd2 e6 6.Be2 h6 7.O-O Nbd7 8.b3 Bd6 
9.Bb2 O-O 10.Ne5 Ne4 11.f4 Nxe5 12.fxe5 Bb4 13.Nxe4 Bxe4 14.Bf3 Qg5 15.Qe2
f5 16.exf6 Bxf3 17.Rxf3 Rxf6 18.Raf1 Raf8 19.Rxf6 Rxf6 20.Rxf6 Qxf6 21.e4 
Qg6 22.exd5 exd5 23.cxd5 cxd5 24.a3 Bd6 25.g4 h5 26.h3 Kh7 27.Kf2 h4 28.b4
Bg3+ 29.Kg2 Qb1 30.b5 Bd6 31.Qf2 Kg6 32.Qe2 Kf7 33.Qf1+ Qxf1+ 34.Kxf1 Bf4 
35.Ke2 1/2-1/2

[Event "16th Asia-ch (w)"]
[Site "Ho Chi Minh VIE"]
[Date "2012.05.09"]
[Round "5"]
[White "Padmini, Rout"]
[Black "Yanjindulam, Dulamsuren"]
[Result "1-0"]
[WhiteElo "2345"]
[BlackElo "2214"]
[EventDate "2012.05.05"]
[PlyCount "93"]

1.e4 e5 2.Nf3 Nf6 3.Nc3 Nc6 4.Bc4 Bc5 5.O-O O-O 6.d3 h6 7.Be3 Bb6 8.h3 d6 
9.d4 exd4 10.Nxd4 Re8 11.Nxc6 bxc6 12.Re1 Be6 13.Bd3 Rb8 14.Na4 Bxe3 15.
Rxe3 c5 16.b3 Qd7 17.Qe2 Re7 18.Re1 Qc6 19.c4 Rbe8 20.f4 Bc8 21.Nc3 Bb7 
22.Qf2 Qd7 23.a4 a6 24.e5 dxe5 25.fxe5 Qd4 26.Ne2 Qd7 27.Ng3 Qc6 28.Nf5 
Nd7 29.Qg3 g5 30.Nxe7+ Rxe7 31.Be4 Qb6 32.Bxb7 Qxb7 33.e6 Nf8 34.exf7+ 
Rxf7 35.Re7 Rf4 36.Qe3 Qc6 37.Qe5 Qg6 38.Qxc5 c6 39.Qe3 Rf6 40.Rf1 Rxf1+ 
41.Kxf1 Qf6+ 42.Kg1 Qa1+ 43.Kh2 Qf6 44.Qe5 Qg6 45.c5 g4 46.hxg4 a5 47.Qf5 
1-0